La iglesia costarricense: entre Dios y el César /
Uloženo v:
| Hlavní autor: | |
|---|---|
| Médium: | Neznámo |
| Jazyk: | Spanish |
| Vydáno: |
Costa Rica :
DEI
|
| Vydání: | 2° edición |
| Edice: | Colección Historia de la iglesia y la teología
|
| Tagy: |
Přidat tag
Žádné tagy, Buďte první, kdo vytvoří štítek k tomuto záznamu!
|
MARC
| LEADER | 00000 a2200000 04500 | ||
|---|---|---|---|
| 001 | 47271 | ||
| 003 | |||
| 008 | 050611s1989 cr spa d | ||
| 040 | |||
| 020 | |a 9977-904-97-9 | ||
| 090 | |a 0004 P585i | ||
| 100 | |a Picado, Miguel | ||
| 245 | |a La iglesia costarricense: |b entre Dios y el César / |c Miguel Picado | ||
| 250 | |a 2° edición | ||
| 260 | |a Costa Rica : |b DEI | ||
| 300 | |a 159 páginas | ||
| 440 | |a Colección Historia de la iglesia y la teología | ||
| 999 | |c 14244 |d 14244 | ||



